Подробности
| 000 -МАРКЕР |
| контрольное поле |
01226nam0a2200289 4500 |
| 001 - ИДЕНТИФИКАТОР ЗАПИСИ |
| контрольное поле |
RU\NLR\bibl\1913615 |
| 005 - ИДЕНТИФИКАТОР ВЕРСИИ |
| контрольное поле |
20190529155234.0 |
| 035 ## - ДРУГИЕ СИСТЕМНЫЕ НОМЕРА |
| Идентификатор записи |
(NLR Aleph) 001903137 |
| 035 ## - ДРУГИЕ СИСТЕМНЫЕ НОМЕРА |
| Идентификатор записи |
(NLR-PROSOFT)rc\2847425 |
| 100 ## - ДАННЫЕ ОБЩЕЙ ОБРАБОТКИ |
| Данные общей обработки |
20110703d1928 |||y0rusy50 ca |
| 101 0# - ЯЗЫК РЕСУРСА |
| Язык текста, звукозаписи и т.д. |
русский |
| 102 ## - СТРАНА ПУБЛИКАЦИИ ИЛИ ПРОИЗВОДСТВА |
| Страна публикации |
Российская Федерация |
| 105 ## - ПОЛЕ КОДИРОВАННЫХ ДАННЫХ: ТЕКСТОВЫЕ МАТЕРИАЛЫ, МОНОГРАФИЧЕСКИЕ |
| Кодированные данные о монографическом текстовом документе |
c z ||||| |
| 200 1# - ЗАГЛАВИЕ И СВЕДЕНИЯ ОБ ОТВЕТСТВЕННОСТИ |
| Основное заглавие |
Ночные молнии |
| Сведения, относящиеся к заглавию |
4-я книга стихов |
| Первые сведения об ответственности |
Григ. Петников |
| 210 ## - ПУБЛИКАЦИЯ, РАСПРОСТРАНЕНИЕ И ДР. |
| Место издания, распространения и т.д. |
Ленинград |
| Имя издателя, распространителя и т. д. |
Academia |
| Дата издания, распространения и т.д. |
1928 |
| Имя изготовителя |
тип. "Печатня" |
| 215 ## - ФИЗИЧЕСКАЯ ХАРАКТЕРИСТИКА |
| Специфическое обозначение материала и объем |
78 с., [1] с. объявл., [1] вкл. л. портр. |
| Другие сведения о физической характеристике |
портр. |
| Размеры |
17?12 см |
| 300 ## - ОБЩИЕ ПРИМЕЧАНИЯ |
| Текст примечания |
В переплете-папке. Папка и портрет: Н. Тырса |
| 325 1# - ПРИМЕЧАНИЕ О КОПИИ |
| Текст примечания |
Микрофильм РНБ Репроцентр Санкт-Петербург, 2012. Шифр: Мф К1/35141 |
| 700 #1 - ИМЯ ЛИЦА - ПЕРВИЧНАЯ ОТВЕТСТВЕННОСТЬ |
| Начальный элемент ввода |
Петников |
| Часть имени, кроме начального элемента ввода |
Г. Н. |
| Даты |
1894-1971 |
| Расширение инициалов личного имени |
Григорий Николаевич |
| Системный номер авторитетной/нормативной записи |
51638 |
| Идентификатор авторитетной/нормативной записи |
RU\NLR\AUTH\7768710 |
| 702 #1 - ИМЯ ЛИЦА - ВТОРИЧНАЯ ОТВЕТСТВЕННОСТЬ |
| Код отношения |
Прочие |
| Графика поля |
Кириллица |
| Материалы, к которым относится поле |
rus |
| Начальный элемент ввода |
Тырса |
| Часть имени, кроме начального элемента ввода |
Н. А. |
| Даты |
1887-1942 |
| Расширение инициалов личного имени |
Николай Андреевич |
| Системный номер авторитетной/нормативной записи |
22950 |
| Идентификатор авторитетной/нормативной записи |
RU\NLR\AUTH\7739989 |
| 801 #0 - ИСТОЧНИК ЗАПИСИ |
| Страна |
Российская Федерация |
| Организация |
NLR |
| Дата составления |
20110703 |
| 801 #1 - ИСТОЧНИК ЗАПИСИ |
| Страна |
Российская Федерация |
| Организация |
NLR |
| Дата составления |
20120609 |
| 852 ## - МЕСТОНАХОЖДЕНИЕ И ШИФР ХРАНЕНИЯ |
| Идентификатор организации |
NLR |
| Шифр хранения (Call Number) |
39/2468 |
| 942 ## - ДОПОЛНИТЕЛЬНЫЕ ЭЛЕМЕНТЫ ЗАПИСИ (АБИС) |
| Тип экземпляра АБИС |
Книга |
| 980 ## - КОЛЛЕКЦИЯ |
| Название коллекции |
Национальная библиография |